[Event "Elit(Kungstornet-Limhamn)"]
[Site "?"]
[Date "2025.03.07"]
[Round "7"]
[White "Schneider, Stefan"]
[Black "Larsson, Anders"]
[Result "0-1"]
[WhiteElo "2379"]
[BlackElo "2196"]
[PlyCount "112"]
[SourceVersionDate "2025.03.25"]

1. d4 e6 2. c4 Bb4+ 3. Nd2 Nf6 4. Ngf3 O-O 5. a3 Bxd2+ 6. Qxd2 d6 7. b3 Qe7 8. Bb2 Nbd7 9. e3 Re8 10. Be2 e5 11. Qc2 e4 12. Nd2 c6 13. g4 Nf8 14. g5 N6d7 15. h4 d5 16. a4 f5 17. Ba3 Qe6 18. h5 Kh8 19. Rh4 a6 20. a5 b6 21. axb6 Nxb6 22. cxd5 cxd5 23. Qc7 Bd7 24. Bc5 Nc8 25. h6 Ng6 26. hxg7+ Kg8 27. Rh6 Nce7 28. Qh2 Bb5 29. Rxh7 Bxe2 30. Kxe2 f4 31. Qh6 Nf5 32. Rh8+ Kf7 33. Rf8+ Rxf8 34. gxf8=Q+ Nxf8 35. Qh5+ Qg6 36. Rh1 fxe3 37. Nf1 Qxh5+ 38. Rxh5 exf2 39. Kxf2 Ne6 40. Ne3 Kg6 41. Rh1 Nxe3 42. Rh6+ Kxg5 43. Rxe6 Nf5 44. Re5 Rh8 45. Rxd5 Rh2+ 46. Kg1 Rc2 47. Be7+ Kf4 48. Bd6+ Kg4 49. Bb8 Nh4 50. Rc5 Rb2 51. Rc8 Nf3+ 52. Kh1 e3 53. Rg8+ Kh5 54. Rh8+ Kg4 55. Rg8+ Ng5 56. Kg1 Kf5 0-1

[Event "Elit(Vaxjö-SS 4 Springare)"]
[Site "?"]
[Date "2025.03.07"]
[Round "7"]
[White "Olofsson-Dolk, Mattis"]
[Black "Nygren, Kim"]
[Result "0-1"]
[WhiteElo "2168"]
[BlackElo "2155"]
[PlyCount "56"]
[SourceVersionDate "2025.03.15"]

1. e4 c5 2. Nf3 Nc6 3. d4 cxd4 4. Nxd4 e5 5. Nb5 d6 6. N1c3 a6 7. Na3 Be6 8. Nc4 Rb8 9. Nd5 b5 10. Nce3 g6 11. g3 Bg7 12. h4 h5 13. Bg2 Nh6 14. O-O O-O 15. c3 Kh7 16. a4 b4 17. Nc4 Ne7 18. Nxe7 Qxe7 19. Ne3 f5 20. Nd5 Bxd5 21. Qxd5 f4 22. Bd2 bxc3 23. bxc3 fxg3 24. fxg3 Qa7+ 25. Kh1 Ng4 26. Rae1 Rf7 27. Qd3 Rb2 28. Re2 Rxf1+ 0-1

[Event "Elit(Rockaden, Stockholm-Wasa)"]
[Site "?"]
[Date "2025.03.07"]
[Round "7"]
[White "Blomqvist, Erik"]
[Black "Cramling, Dan"]
[Result "1-0"]
[WhiteElo "2481"]
[BlackElo "2318"]
[PlyCount "87"]
[SourceVersionDate "2025.03.24"]

1. e4 c5 2. Nf3 e6 3. d3 Nc6 4. g3 e5 5. Bg2 g6 6. a3 d6 7. O-O Bg7 8. c3 Nge7 9. b4 O-O 10. b5 Na5 11. c4 f5 12. Nc3 h6 13. Rb1 Be6 14. Bd2 a6 15. a4 f4 16. Kh1 g5 17. Ne1 g4 18. f3 h5 19. Nd5 axb5 20. axb5 fxg3 21. Bg5 Bxd5 22. cxd5 Bf6 23. Be3 Ng6 24. fxg4 Bg7 25. Rxf8+ Bxf8 26. hxg3 h4 27. g5 hxg3 28. Qh5 Qe8 29. Bh3 Nf4 30. Be6+ Qxe6 31. Bxf4 Qe7 32. Bxg3 Qh7 33. Qxh7+ Kxh7 34. Ra1 Be7 35. Nf3 b6 36. Kg2 Kg6 37. Nh4+ Kxg5 38. Nf5 Bf8 39. Be1 Kf6 40. Kf3 Kf7 41. Ne3 Ra7 42. Nc4 Ke8 43. Nxb6 Rf7+ 44. Ke2 1-0

[Event "Elit(Kungstornet-Limhamn)"]
[Site "?"]
[Date "2025.03.07"]
[Round "7"]
[White "Henriksson, Johan"]
[Black "Brynell, Stellan"]
[Result "0-1"]
[WhiteElo "2291"]
[BlackElo "2380"]
[PlyCount "92"]
[SourceVersionDate "2025.03.25"]

1. d4 Nf6 2. c4 e6 3. g3 c5 4. Nf3 cxd4 5. Nxd4 d5 6. Bg2 e5 7. Nb3 d4 8. O-O Nc6 9. f4 Be6 10. fxe5 Ng4 11. Bxc6+ bxc6 12. Qxd4 Qxd4+ 13. Nxd4 Bc5 14. e3 O-O-O 15. Nxe6 fxe6 16. Nc3 Nxe3 17. Bxe3 Bxe3+ 18. Kh1 Bd4 19. Rae1 Rhf8 20. Rxf8 Rxf8 21. Re4 Rf1+ 22. Kg2 Rf2+ 23. Kh3 Bxc3 24. bxc3 Rxa2 25. Rf4 Rd2 26. c5 Rd7 27. Rf8+ Rd8 28. Rf7 Rd7 29. Rf8+ Kb7 30. Re8 a5 31. Rxe6 a4 32. Re8 Rd5 33. Re7+ Ka6 34. Rxg7 Rxe5 35. Rxh7 Rxc5 36. Rh8 Ra5 37. Rb8 a3 38. Rb1 a2 39. Ra1 Kb5 40. g4 Kc4 41. g5 Kxc3 42. Kg4 Kb2 43. Rxa2+ Rxa2 44. h4 c5 45. g6 c4 46. g7 Ra1 0-1

[Event "Elit(Vaxjö-SS 4 Springare)"]
[Site "?"]
[Date "2025.03.07"]
[Round "7"]
[White "Gajic, Mladen"]
[Black "Sevastianov, Andrii"]
[Result "1-0"]
[WhiteElo "2266"]
[BlackElo "2147"]
[PlyCount "73"]
[SourceVersionDate "2025.03.15"]

1. d4 d5 2. Nf3 Nf6 3. e3 e6 4. Nbd2 c5 5. c3 Nc6 6. Bd3 cxd4 7. exd4 Bd6 8. O-O O-O 9. Re1 Qc7 10. Qe2 Nd7 11. c4 Bf4 12. b3 a5 13. Bb2 Nf6 14. Ne5 Bd7 15. Ndf3 Rfc8 16. g3 Bh6 17. c5 Be8 18. a3 Nxe5 19. Nxe5 Nd7 20. Ng4 Bg5 21. h4 Be7 22. h5 Bf8 23. Bc1 b6 24. Bf4 Qd8 25. b4 axb4 26. axb4 bxc5 27. bxc5 Nf6 28. Nxf6+ Qxf6 29. Be5 Qd8 30. Ba6 f6 31. Bxc8 Qxc8 32. Rxa8 Qxa8 33. Bd6 Bd7 34. Bxf8 Kxf8 35. Qb2 Qa4 36. Ra1 Qc4 37. Qb8+ 1-0

[Event "Elit(Rockaden, Stockholm-Wasa)"]
[Site "?"]
[Date "2025.03.07"]
[Round "7"]
[White "Wedberg, Tom"]
[Black "Barkhagen, Jonas"]
[Result "1-0"]
[WhiteElo "2344"]
[BlackElo "2411"]
[PlyCount "75"]
[SourceVersionDate "2025.03.24"]

1. e4 e6 2. d4 d5 3. Nc3 dxe4 4. Nxe4 Bd7 5. Nf3 Bc6 6. Bd3 Nd7 7. O-O Ngf6 8. Ng3 Be7 9. c4 O-O 10. Bf4 Bxf3 11. Qxf3 c6 12. a3 a5 13. Rad1 a4 14. Rfe1 Re8 15. h4 Qa5 16. h5 h6 17. Re2 Rad8 18. Bd2 Qc7 19. Rde1 Nf8 20. Bc3 N8h7 21. Ne4 Nxe4 22. Qxe4 Ng5 23. Qe3 Bf6 24. f4 Nh7 25. g4 c5 26. d5 Bxc3 27. Bxh7+ Kxh7 28. bxc3 Rf8 29. Rd1 exd5 30. cxd5 c4 31. Qd4 Rd6 32. Re5 b5 33. Kg2 Kg8 34. Rde1 Qd8 35. Qe4 Qa8 36. Kg3 f6 37. Re7 f5 38. Rxg7+ 1-0

[Event "Elit(Kungstornet-Limhamn)"]
[Site "?"]
[Date "2025.03.07"]
[Round "7"]
[White "Tadjerbashi, Amir"]
[Black "Couso, Luis"]
[Result "1-0"]
[WhiteElo "2224"]
[BlackElo "2250"]
[PlyCount "77"]
[SourceVersionDate "2025.03.25"]

1. e4 c5 2. Nf3 d6 3. d4 cxd4 4. Nxd4 Nf6 5. Nc3 a6 6. g3 e5 7. Nde2 Be6 8. Bg2 Be7 9. O-O Nbd7 10. a4 O-O 11. h3 h5 12. Be3 Rc8 13. Qd2 Qc7 14. Rac1 Rfe8 15. Rfd1 Bf8 16. b3 Qb8 17. f4 exf4 18. gxf4 Nc5 19. b4 Ncd7 20. Bd4 Bc4 21. Ng3 g6 22. Qf2 Bg7 23. Nf1 Bxf1 24. Qxf1 Qc7 25. Qf2 Qc4 26. Rb1 Qe6 27. Re1 Qe7 28. e5 dxe5 29. fxe5 Nh7 30. Nd5 Qg5 31. h4 Qg4 32. Re4 Qe6 33. Nf6+ Bxf6 34. exf6 Qa2 35. Ra1 Qc4 36. Re7 Rxe7 37. fxe7 Qxb4 38. Re1 Re8 39. Qxf7+ 1-0

[Event "Elit(Vaxjö-SS 4 Springare)"]
[Site "?"]
[Date "2025.03.07"]
[Round "7"]
[White "Rydstrom, Tom"]
[Black "Kingsley, Elias"]
[Result "1-0"]
[WhiteElo "2295"]
[BlackElo "2082"]
[PlyCount "61"]
[SourceVersionDate "2025.03.15"]

1. Nc3 d5 2. e4 d4 3. Nce2 c5 4. Ng3 e5 5. Bc4 Bd6 6. d3 Nc6 7. Nf3 Nf6 8. O-O O-O 9. c3 h6 10. h3 a6 11. Re1 b5 12. Bb3 Na5 13. Bc2 Be6 14. Bd2 Bc7 15. cxd4 cxd4 16. a4 Qd6 17. Nh4 Nc6 18. Qf3 Ne8 19. axb5 Nb4 20. Ngf5 Qc5 21. Bd1 Qxb5 22. Ba4 Qb6 23. Qg3 Bxf5 24. Nxf5 g6 25. Bxh6 Nf6 26. Bb3 Nh5 27. Qf3 Rfe8 28. Ng7 Re7 29. Nxh5 gxh5 30. Qg3+ Qg6 31. Qxg6+ 1-0

[Event "Elit(Rockaden, Stockholm-Wasa)"]
[Site "?"]
[Date "2025.03.07"]
[Round "7"]
[White "Wiedenkeller, Michael"]
[Black "Bellon Lopez, Juan"]
[Result "1-0"]
[WhiteElo "2380"]
[BlackElo "2278"]
[PlyCount "57"]
[SourceVersionDate "2025.03.24"]

1. c4 e5 2. Nc3 Nf6 3. Nf3 e4 4. Ng5 b5 5. d3 exd3 6. cxb5 h6 7. Nf3 dxe2 8. Bxe2 d5 9. O-O Bc5 10. Bf4 O-O 11. Rc1 Re8 12. Nd4 a6 13. a4 Bd6 14. Bxd6 Qxd6 15. Bf3 Bd7 16. b4 c6 17. Qb3 axb5 18. axb5 Bg4 19. bxc6 Bxf3 20. Ncb5 Qf4 21. Qxf3 Qxf3 22. gxf3 Na6 23. Rb1 Rec8 24. Nd6 Rd8 25. Nb7 Rdb8 26. b5 Nc7 27. b6 Ne6 28. Nxe6 fxe6 29. Nd6 1-0

[Event "Elit(Kungstornet-Limhamn)"]
[Site "?"]
[Date "2025.03.07"]
[Round "7"]
[White "Aroven, Mikael"]
[Black "Ziegler, Ari"]
[Result "0-1"]
[WhiteElo "2125"]
[BlackElo "2297"]
[PlyCount "76"]
[SourceVersionDate "2025.03.25"]

1. b3 e5 2. Bb2 d6 3. e3 Nf6 4. c4 g6 5. Nf3 Bg7 6. Nc3 O-O 7. Be2 Re8 8. d3 c6 9. Qc2 d5 10. O-O d4 11. exd4 exd4 12. Na4 Nh5 13. Rfe1 Na6 14. a3 Nf4 15. Bf1 Ne6 16. b4 b5 17. cxb5 cxb5 18. Nc5 Naxc5 19. bxc5 Bb7 20. Nd2 Rc8 21. Nb3 Qd5 22. a4 b4 23. a5 Qg5 24. Bc1 Qh5 25. Bd2 Be5 26. h3 Ng5 27. Bxg5 Qxg5 28. Nd2 b3 29. Qb2 Rxc5 30. Ne4 Bxe4 31. Rxe4 Rb8 32. Rae1 Rc2 33. f4 Qf6 34. Qa3 Bd6 35. Qa4 Bxf4 36. Qxd4 Qxd4+ 37. Rxd4 Bd2 38. Rb1 Be3+ 0-1

[Event "Elit(Eksjo-Stockholms SS)"]
[Site "?"]
[Date "2025.03.07"]
[Round "7"]
[White "Lokander, Martin"]
[Black "Gdanski, Jacek"]
[Result "0-1"]
[WhiteElo "2468"]
[BlackElo "2484"]
[PlyCount "134"]
[SourceVersionDate "2025.03.23"]

1. d4 Nf6 2. c4 e6 3. Nc3 Bb4 4. e3 c5 5. Nge2 cxd4 6. exd4 O-O 7. a3 Be7 8. d5 exd5 9. cxd5 Re8 10. d6 Bf8 11. g3 Re6 12. Bg2 Rxd6 13. Qc2 Nc6 14. O-O Re6 15. Rd1 d6 16. Bf4 Bd7 17. Rd2 Qb6 18. Bg5 Rae8 19. Rf1 Qa5 20. h4 h6 21. Bxf6 Rxf6 22. Ne4 Rf5 23. Nf4 Qe5 24. Rd5 Qe7 25. Rxd6 Rxf4 26. gxf4 Bf5 27. Rfd1 Bxe4 28. Bxe4 Qxe4 29. Qxe4 Rxe4 30. Rd7 Rxf4 31. Rxb7 Rxh4 32. Rc1 Nd4 33. Rc8 a5 34. b4 axb4 35. axb4 Rg4+ 36. Kf1 h5 37. Rc4 h4 38. f3 Rf4 39. Kg2 Bd6 40. b5 Be5 41. Re7 f6 42. b6 Rxf3 43. Rxe5 Rg3+ 44. Kf2 fxe5 45. b7 Rb3 46. Rc8+ Kf7 47. b8=Q Rxb8 48. Rxb8 Kf6 49. Ke3 Kf5 50. Rf8+ Kg4 51. Re8 Nf5+ 52. Kf2 Kf4 53. Kg2 g5 54. Rf8 g4 55. Kh2 e4 56. Kg2 h3+ 57. Kh2 e3 58. Re8 Kf3 59. Rf8 Ke4 60. Re8+ Kf3 61. Rf8 Ke4 62. Re8+ Kd3 63. Re5 e2 64. Rxf5 e1=Q 65. Rd5+ Ke2 66. Re5+ Kf1 67. Kh1 Qb1 0-1

[Event "Elit(Kristallen-LASK)"]
[Site "?"]
[Date "2025.03.07"]
[Round "7"]
[White "Kucuksari, Kaan"]
[Black "Religa, Marek"]
[Result "1-0"]
[WhiteElo "2462"]
[BlackElo "2285"]
[PlyCount "96"]
[SourceVersionDate "2025.03.25"]

1. d4 f5 2. c4 Nf6 3. g3 g6 4. Bg2 Bg7 5. Nf3 d6 6. O-O O-O 7. Nc3 a5 8. Re1 Nc6 9. d5 Ne5 10. Nxe5 dxe5 11. Qb3 e6 12. dxe6 e4 13. Rd1 Qe7 14. Bf4 a4 15. Nxa4 Bxe6 16. Nc3 Nh5 17. Nd5 Bxd5 18. cxd5 Nxf4 19. gxf4 Qd6 20. e3 Ra6 21. Rab1 g5 22. fxg5 Be5 23. h4 h6 24. a3 Kg7 25. Qxb7 Rb6 26. Qa7 hxg5 27. hxg5 Ra6 28. Qb7 Rb6 29. Qa7 Bh2+ 30. Kf1 Qg6 31. Rbc1 Rf7 32. Rc6 Qh5 33. Rdc1 Be5 34. Rxb6 cxb6 35. Qxb6 Qxg5 36. Rc6 Kh7 37. f4 exf3 38. Bxf3 Qg3 39. Ke2 Bg7 40. Rc1 Qh2+ 41. Kd3 Rf6 42. Qxf6 Bxf6 43. Rh1 Qxh1 44. Bxh1 Bxb2 45. a4 Kg7 46. a5 Be5 47. Kc4 Kf7 48. Kb5 Ke7 1-0

[Event "Elit(Eksjo-Stockholms SS)"]
[Site "?"]
[Date "2025.03.07"]
[Round "7"]
[White "Heberla, Bartlomiej"]
[Black "Westerberg, Jonathan"]
[Result "1/2-1/2"]
[WhiteElo "2498"]
[BlackElo "2470"]
[PlyCount "81"]
[SourceVersionDate "2025.03.23"]

1. d4 d5 2. c4 dxc4 3. Nf3 a6 4. e4 b5 5. a4 Bb7 6. axb5 axb5 7. Rxa8 Bxa8 8. Nc3 e6 9. Nxb5 Bxe4 10. Bxc4 Nf6 11. O-O c6 12. Nc3 Be7 13. Nxe4 Nxe4 14. Re1 Nd6 15. Bd3 O-O 16. Qc2 g6 17. Bh6 Re8 18. Ne5 Bf6 19. Nxc6 Nxc6 20. Qxc6 Bxd4 21. Rd1 e5 22. Kh1 Qf6 23. Ba6 Qe6 24. Be3 Kg7 25. Bf1 Rc8 26. Qa6 Qd5 27. Bxd4 exd4 28. Qd3 Nf5 29. Kg1 h5 30. g3 Rb8 31. Rd2 Rb3 32. Qc4 Qb7 33. Bg2 Qb6 34. Qe2 Qd6 35. Be4 Nh6 36. Rd3 Rb4 37. h3 Qb6 38. Rd2 Qd6 39. Qf3 Ng8 40. Bd3 Nf6 41. h4 1/2-1/2

[Event "Elit(Kristallen-LASK)"]
[Site "?"]
[Date "2025.03.07"]
[Round "7"]
[White "Lindh, Fredrik"]
[Black "Wagner, Dennis"]
[Result "1/2-1/2"]
[WhiteElo "2269"]
[BlackElo "2614"]
[PlyCount "71"]
[SourceVersionDate "2025.03.25"]

1. e4 c5 2. Nf3 d6 3. d4 cxd4 4. Nxd4 Nf6 5. Nc3 a6 6. Be3 e5 7. Nb3 Be6 8. f3 Nbd7 9. Qd2 b5 10. a4 bxa4 11. Rxa4 Be7 12. Rxa6 O-O 13. Rxa8 Qxa8 14. Bb5 Nc5 15. Nxc5 dxc5 16. O-O c4 17. Qe2 Rc8 18. Qe1 Qb7 19. Qg3 Bc5 20. Bxc5 Rxc5 21. Ra1 h6 22. Ra5 Qb6 23. Ra6 Qb8 24. Ra5 Qd8 25. Qf2 Qxa5 26. Qxc5 Qa1+ 27. Kf2 Qxb2 28. Qxe5 Qxc2+ 29. Ne2 Qb1 30. Nf4 c3 31. Nxe6 fxe6 32. Qxe6+ Kh8 33. Qc8+ Kh7 34. Qf5+ Kh8 35. Qc8+ Kh7 36. Qf5+ 1/2-1/2

[Event "Elit(Eksjo-Stockholms SS)"]
[Site "?"]
[Date "2025.03.07"]
[Round "7"]
[White "Sipila, Vilka"]
[Black "Olsson, William"]
[Result "1-0"]
[WhiteElo "2445"]
[BlackElo "2369"]
[PlyCount "61"]
[SourceVersionDate "2025.03.23"]

1. d4 d5 2. Nf3 Nf6 3. e3 Bf5 4. Bd3 e6 5. Bxf5 exf5 6. Qd3 Qc8 7. O-O Bd6 8. b3 O-O 9. Ba3 Rd8 10. c4 c6 11. Bxd6 Rxd6 12. Nc3 Ne4 13. Rac1 Na6 14. a3 Nc7 15. Ne2 Rh6 16. Ne1 Qd7 17. f3 Nf6 18. Ng3 f4 19. exf4 dxc4 20. bxc4 Ne6 21. Ne2 Qd6 22. g3 b5 23. cxb5 cxb5 24. Nc2 a6 25. Ne3 Qd7 26. Nf5 Rg6 27. Rc6 Nd5 28. Rd6 Ndxf4 29. Nxf4 Nxf4 30. Qe4 Nh3+ 31. Kg2 1-0

[Event "Elit(Kristallen-LASK)"]
[Site "?"]
[Date "2025.03.07"]
[Round "7"]
[White "Ernst, Sipke"]
[Black "van Hengel, Hugo"]
[Result "1-0"]
[WhiteElo "2517"]
[BlackElo "2242"]
[PlyCount "93"]
[SourceVersionDate "2025.03.25"]

1. d4 d5 2. c4 e6 3. Nc3 c6 4. e3 Nd7 5. Qc2 Ngf6 6. Nf3 Bd6 7. b3 O-O 8. Be2 Qe7 9. O-O b6 10. Bb2 Bb7 11. Rad1 Rfe8 12. Rfe1 Rac8 13. Qb1 a6 14. Bf1 c5 15. cxd5 exd5 16. dxc5 Nxc5 17. Qa1 b5 18. g3 b4 19. Ne2 Nce4 20. Ned4 Qd7 21. Nh4 Re5 22. Nb5 Rh5 23. Nxd6 Qxd6 24. Bxf6 Nxf6 25. Qd4 Re5 26. Rc1 Rce8 27. Bg2 g6 28. Nf3 R5e7 29. Nd2 h5 30. Red1 Ng4 31. Nf3 a5 32. Qf4 Qa6 33. h3 Nf6 34. Nd4 Kg7 35. Rc5 a4 36. Rdc1 axb3 37. axb3 Ne4 38. Bxe4 Rxe4 39. Qf3 R8e7 40. Qd1 Qf6 41. Rc7 h4 42. g4 Rxe3 43. fxe3 Rxe3 44. Qd2 Qe5 45. Rxb7 Rg3+ 46. Kf1 Rxh3 47. Nf5+ 1-0

[Event "Elit(Eksjo-Stockholms SS)"]
[Site "?"]
[Date "2025.03.07"]
[Round "7"]
[White "Lukez, Giamfranko"]
[Black "Ertan, Can"]
[Result "0-1"]
[WhiteElo "2276"]
[BlackElo "2358"]
[PlyCount "102"]
[EventDate "2025.??.??"]
[SourceVersionDate "2025.03.23"]

1. g3 e5 2. Bg2 d5 3. d3 Nc6 4. a3 Nf6 5. b4 a5 6. b5 Nd4 7. a4 Bc5 8. e3 Ne6 9. Nf3 e4 10. Nfd2 Ng5 11. Bb2 h5 12. h3 Bf5 13. Nb3 Bb4+ 14. Bc3 Qc8 15. dxe4 Bxh3 16. Bxh3 Nxh3 17. Qd4 O-O 18. N1d2 Bxc3 19. Qxc3 dxe4 20. Nd4 Rd8 21. Qc4 Qd7 22. Ra3 Rac8 23. Qc5 g6 24. Rc3 Kg7 25. Rc4 Qg4 26. N2b3 c6 27. Qe7 Rd7 28. Qc5 h4 29. gxh4 Qxh4 30. Rf1 Ng4 31. Rc3 Nhxf2 32. Kd2 Rd5 33. Qc4 Rcd8 34. bxc6 bxc6 35. Kc1 c5 36. Nc6 Rd1+ 37. Rxd1 Rxd1+ 38. Kb2 Re1 39. Nxc5 Nd1+ 40. Kb3 Qf6 41. Nxe4 Ngxe3 42. Nxf6 Nxc4 43. Rxc4 Kxf6 44. Nxa5 g5 45. Nc6 Ne3 46. Re4 g4 47. Nd4 g3 48. Nf3 g2 49. a5 Kg7 50. a6 Rf1 51. Rxe3 Rxf3 0-1

[Event "Elit(Kristallen-LASK)"]
[Site "?"]
[Date "2025.03.07"]
[Round "7"]
[White "Walinder, Lars"]
[Black "Storme, Isak"]
[Result "0-1"]
[WhiteElo "2209"]
[BlackElo "2455"]
[PlyCount "134"]
[SourceVersionDate "2025.03.25"]

1. c4 e6 2. Nc3 d5 3. e3 Nf6 4. Nf3 Bd6 5. b3 b6 6. cxd5 exd5 7. g3 O-O 8. Bg2 Ba6 9. d3 c5 10. O-O Nc6 11. Bb2 Rc8 12. a3 Re8 13. Ne2 h6 14. Re1 Rc7 15. Rc1 Ng4 16. Nf4 Bxf4 17. gxf4 Nf6 18. Ne5 Bb7 19. b4 cxb4 20. Nxc6 Rxc6 21. Rxc6 Bxc6 22. axb4 a5 23. Qc2 Qd6 24. bxa5 bxa5 25. Ra1 a4 26. Be5 Qe6 27. Rc1 Rc8 28. Qa2 Bb5 29. Rxc8+ Qxc8 30. Qb1 Qa6 31. Bxf6 gxf6 32. Bxd5 Bxd3 33. Qb8+ Kg7 34. Qc7 Bg6 35. f5 Qd3 36. fxg6 Qd1+ 37. Kg2 Qxd5+ 38. Kf1 Qd1+ 39. Kg2 Qg4+ 40. Kf1 Kxg6 41. Qa5 Qc4+ 42. Kg2 Qe4+ 43. Kg1 Kg7 44. h3 Qb1+ 45. Kg2 Qb3 46. Qf5 Qe6 47. Qa5 Qc6+ 48. Kg1 Qc1+ 49. Kg2 a3 50. Qa4 Qc5 51. h4 Qd5+ 52. e4 Qd3 53. h5 Qc3 54. Kg1 Qb2 55. e5 Qc1+ 56. Kh2 fxe5 57. Kh3 Qf1+ 58. Kg3 Qd3+ 59. Kg2 Kh7 60. Qa8 e4 61. Qa7 Kg7 62. Qa5 Kf6 63. Qa8 Qf3+ 64. Kg1 Kg5 65. Qa5+ Kg4 66. Kf1 e3 67. Kg1 Kh3 0-1

[Event "Elit(Limhamn-Vaxjo)"]
[Site "?"]
[Date "2025.01.19"]
[Round "6"]
[White "Rydstrom, Tom"]
[Black "Lindgren, Philip"]
[Result "0-1"]
[WhiteElo "2295"]
[BlackElo "2386"]
[PlyCount "108"]
[SourceVersionDate "2025.01.31"]

1. e4 c5 2. Nf3 d6 3. d4 cxd4 4. Nxd4 Nf6 5. Nc3 a6 6. Bg5 Nbd7 7. Qe2 e6 8. f4 Qc7 9. O-O-O Be7 10. g4 h6 11. Bxf6 Bxf6 12. h4 Qb6 13. Qd3 g5 14. hxg5 hxg5 15. Rxh8+ Bxh8 16. e5 gxf4 17. Nxe6 Bxe5 18. Nd4 Qxd4 19. Qxd4 Bxd4 20. Rxd4 Ne5 21. Ne4 Bxg4 22. Nxd6+ Ke7 23. Nxb7 f3 24. Nc5 Rh8 25. Kd2 Rh2+ 26. Kc3 a5 27. b4 axb4+ 28. Rxb4 Rh1 29. Bb5 f2 30. Rf4 Bf3 31. Nd7 Nxd7 32. Rxf3 Rh2 33. a4 Ne5 34. Rf4 Ke6 35. a5 Kd5 36. Kb4 f1=Q 37. Rxf1 Rxc2 38. Rd1+ Ke4 39. a6 Ra2 40. Re1+ Kd4 41. Rd1+ Ke4 42. Kc5 Rc2+ 43. Kb6 Nc4+ 44. Ka7 f5 45. Ka8 Ke5 46. a7 Nd6 47. Ba6 Rb2 48. Re1+ Kd5 49. Rd1+ Kc6 50. Rc1+ Kd5 51. Rd1+ Kc6 52. Rg1 f4 53. Rf1 Rh2 54. Bb7+ Nxb7 0-1

[Event "Elit(Kungstornet-Kristallen)"]
[Site "?"]
[Date "2025.01.19"]
[Round "6"]
[White "Ostling, Hakan"]
[Black "Henriksson, Johan"]
[Result "1/2-1/2"]
[WhiteElo "2140"]
[BlackElo "2291"]
[PlyCount "101"]
[SourceVersionDate "2025.01.31"]

1. f4 d5 2. g3 g6 3. Bg2 Bg7 4. Nf3 c5 5. O-O Nc6 6. d3 Nf6 7. Nc3 d4 8. Na4 Qd6 9. c4 O-O 10. a3 e5 11. e4 Ng4 12. Qe1 Bd7 13. b4 b6 14. b5 Na5 15. Rb1 f6 16. h3 Nh6 17. Bd2 Nb7 18. Qc1 Nf7 19. Nb2 Qc7 20. Nd1 Rae8 21. Nf2 Nbd6 22. fxe5 Nxe5 23. Nxe5 fxe5 24. Qd1 Be6 25. h4 h5 26. Bh3 Qd7 27. Bxe6+ Qxe6 28. Kg2 Rf7 29. Nh3 Rxf1 30. Qxf1 Qg4 31. Qd1 Qd7 32. a4 Rf8 33. Qe2 Nf7 34. Rf1 Nh6 35. Rxf8+ Bxf8 36. a5 Ng4 37. Nf2 Be7 38. Nxg4 Qxg4 39. Qf3 Bd8 40. a6 Qxf3+ 41. Kxf3 Kg7 42. Ke2 Kf8 43. Kd1 Kf7 44. Bh6 Bf6 45. Ke2 Bd8 46. Kf3 Bf6 47. Bd2 Bd8 48. g4 Ke6 49. Kg3 Kf7 50. gxh5 gxh5 51. Bg5 1/2-1/2

[Event "Elit(Wasa-Stockholms SS)"]
[Site "?"]
[Date "2025.01.19"]
[Round "6"]
[White "Thorn, Eric"]
[Black "Ostlund, Joar"]
[Result "1/2-1/2"]
[WhiteElo "2345"]
[BlackElo "2324"]
[PlyCount "60"]
[SourceVersionDate "2025.02.01"]

1. d4 Nf6 2. c4 e6 3. Nf3 b6 4. g3 Bb4+ 5. Bd2 Bxd2+ 6. Qxd2 Bb7 7. Bg2 O-O 8. Nc3 Ne4 9. Qc2 Nxc3 10. Ng5 Ne4 11. Bxe4 Bxe4 12. Qxe4 Qxg5 13. Qxa8 Nc6 14. Qb7 Nxd4 15. Qe4 Qa5+ 16. Kf1 Nb3 17. Kg2 Nxa1 18. Rxa1 Rd8 19. Rd1 h6 20. a3 d5 21. Qf4 Rd6 22. cxd5 exd5 23. Rc1 b5 24. Qe5 Qb6 25. e3 Qb8 26. Rc5 a6 27. Rxd5 Qa8 28. e4 Rxd5 29. exd5 Qd8 30. h4 Kf8 1/2-1/2

[Event "Elit(Limhamn-Vaxjo)"]
[Site "?"]
[Date "2025.01.19"]
[Round "6"]
[White "Schneider, Stefan"]
[Black "Lindahl, Emil"]
[Result "1-0"]
[WhiteElo "2379"]
[BlackElo "2177"]
[PlyCount "59"]
[SourceVersionDate "2025.01.31"]

1. d4 d5 2. c4 dxc4 3. e3 Nf6 4. Bxc4 e6 5. Nf3 c5 6. O-O a6 7. b3 Nc6 8. Bb2 cxd4 9. Nxd4 Bd7 10. Nd2 Nxd4 11. Bxd4 Bc6 12. Be2 Be7 13. Nc4 O-O 14. Qc2 Be4 15. Qb2 b5 16. Ne5 Rc8 17. Rfc1 Qa5 18. a3 Rxc1+ 19. Qxc1 Bd6 20. Nd3 Qd8 21. Qb2 Qe7 22. Bc3 Bxd3 23. Bxd3 Bxh2+ 24. Kf1 Bd6 25. a4 b4 26. Bxf6 gxf6 27. Qd4 Be5 28. Qg4+ Kh8 29. Qh4 f5 30. Qxe7 1-0

[Event "Elit(Kungstornet-Kristallen)"]
[Site "?"]
[Date "2025.01.19"]
[Round "6"]
[White "Andersson, Fredrik"]
[Black "Walinder, Lars"]
[Result "1-0"]
[WhiteElo "2241"]
[BlackElo "2209"]
[PlyCount "122"]
[SourceVersionDate "2025.01.31"]

1. d4 Nf6 2. c4 e6 3. Nf3 d5 4. Nc3 Be7 5. Bg5 h6 6. Bh4 O-O 7. e3 b6 8. Bd3 Bb7 9. O-O Nbd7 10. Rc1 c5 11. Qe2 Ne4 12. Bg3 Nxg3 13. hxg3 cxd4 14. Nxd4 Nc5 15. cxd5 Nxd3 16. Qxd3 Bxd5 17. Rfd1 Bb7 18. Qe2 Qb8 19. Ncb5 Rc8 20. Rxc8+ Qxc8 21. Qc2 a6 22. Nc3 b5 23. a3 Qc7 24. Nd5 Qd6 25. Nxe7+ Qxe7 26. Qd2 Rc8 27. Ne2 Bc6 28. Rc1 Qb7 29. Qd6 Bd5 30. Rxc8+ Qxc8 31. Nc3 Bb7 32. e4 Qa8 33. f3 Qc8 34. Kh2 f5 35. exf5 exf5 36. Ne2 Qc6 37. Qd8+ Kh7 38. Nd4 Qd5 39. Qxd5 Bxd5 40. Nxf5 Be6 41. g4 Kg6 42. Nd4 Kf6 43. Kg3 Bd5 44. Kf4 g6 45. Ke3 Ba8 46. g3 Bb7 47. b4 Ke5 48. Nb3 Bc8 49. Kd3 Kd5 50. Nd2 Bd7 51. Ne4 Be8 52. Nd2 Bd7 53. Nf1 Bc6 54. f4 Bd7 55. Ne3+ Kd6 56. Kd4 Bc6 57. Nd1 Be8 58. Nf2 Bf7 59. Ne4+ Ke7 60. Nc5 Be6 61. Nxa6 Bxg4 1-0

[Event "Elit(Wasa-Stockholms SS)"]
[Site "?"]
[Date "2025.01.19"]
[Round "6"]
[White "Cramling, Pia"]
[Black "Sipila, Vilka"]
[Result "1/2-1/2"]
[WhiteElo "2416"]
[BlackElo "2445"]
[PlyCount "136"]
[SourceVersionDate "2025.02.01"]

1. d4 g6 2. e4 Bg7 3. Nf3 d6 4. Bc4 Nf6 5. Qe2 O-O 6. e5 dxe5 7. dxe5 Nd5 8. h3 Nb6 9. Bb3 Nc6 10. O-O Nd4 11. Nxd4 Qxd4 12. Re1 Be6 13. Nd2 c5 14. Nf3 Qd7 15. Bxe6 Qxe6 16. Qe4 Qd5 17. Qh4 f6 18. b3 g5 19. Qh5 c4 20. Be3 Qf7 21. Qxf7+ Kxf7 22. Rad1 Rfd8 23. Rd2 Rxd2 24. Nxd2 cxb3 25. axb3 Nd5 26. Ne4 h6 27. exf6 Bxf6 28. Nxf6 exf6 29. Bd4 Nb4 30. Bc5 Nc6 31. Rd1 Ne5 32. Rd2 a5 33. c4 a4 34. bxa4 b6 35. Bxb6 Nxc4 36. Rd7+ Ke6 37. Rb7 Rxa4 38. Bc5 Nd2 39. Re7+ Kf5 40. g4+ Kg6 41. Kg2 Ne4 42. Be3 h5 43. Rd7 Nc3 44. Kf3 Nb5 45. Rd5 Nc7 46. Rd6 Ne8 47. Re6 Kf7 48. Rb6 Ng7 49. Rb7+ Kg6 50. Rd7 Ra6 51. Rb7 Ra3 52. Rb6 Rc3 53. Kg2 Rc4 54. Kf3 Ne8 55. Ra6 hxg4+ 56. hxg4 Nc7 57. Rd6 Kf7 58. Kg3 Ke7 59. Rd3 Ke6 60. f4 gxf4+ 61. Bxf4 Nd5 62. Bd2 Ne7 63. Re3+ Kf7 64. Rf3 Kg6 65. Re3 Nc6 66. Rc3 Rxc3+ 67. Bxc3 f5 68. gxf5+ Kxf5 1/2-1/2

[Event "Elit(Limhamn-Vaxjo)"]
[Site "?"]
[Date "2025.01.19"]
[Round "6"]
[White "Olofsson-Dolk, Mattis"]
[Black "Jepson, Christian"]
[Result "1/2-1/2"]
[WhiteElo "2168"]
[BlackElo "2404"]
[PlyCount "97"]
[SourceVersionDate "2025.01.31"]

1. e4 d6 2. d4 Nf6 3. Nc3 g6 4. Be2 Bg7 5. Nf3 a6 6. a4 O-O 7. O-O Nc6 8. d5 Na7 9. h3 e5 10. dxe6 fxe6 11. Bg5 Nc6 12. Qd2 e5 13. Bc4+ Kh8 14. Rfe1 Qe8 15. Ra3 Be6 16. Nd5 Qd7 17. Rd3 Rab8 18. Nb6 cxb6 19. Rxd6 Qxd6 20. Qxd6 Bxc4 21. b3 Bg8 22. Qc7 b5 23. axb5 axb5 24. h4 Rfe8 25. g3 b4 26. Kg2 h6 27. Bc1 Re7 28. Qb6 Rf8 29. Nd2 Rd8 30. Nf1 Rd4 31. f3 Red7 32. Be3 R4d6 33. Bc5 Rd2+ 34. Nxd2 Rxd2+ 35. Bf2 Rxc2 36. Qxb7 Bxb3 37. Rb1 Ba2 38. Rxb4 Nxb4 39. Qxb4 Bg8 40. Qd6 Kh7 41. g4 h5 42. g5 Ne8 43. Qd3 Rc6 44. Qd7 Re6 45. Bc5 Kh8 46. Kg3 Kh7 47. Kg2 Kh8 48. Kg3 Kh7 49. Kg2 1/2-1/2